1360 1399 1151 1676 1585 1300 1231 1082 1341 1922 1020 1246 1371 1564 1593 1260 1968 1682 1342 1367 1518 1182 1329 1986 1732 1009 1285 1813 1549 1833 1441 1095 1752 1526 1135 1021 1561 1402 1468 1559 1295 1953 1825 1235 1142 1516 1160 1992 1389 1006 1411 1178 1232 1861 1970 1900 1989 1844 1618 1187 1147 1343 1315 1220 1852 1229 1255 1233 1990 1186 1514 1222 1939 1316 1145 1316 1206 1601 1995 1226 1048 1109 1864 1791 1437 1813 1063 1453 1101 1558 1272 1540 1534 2000 1963 1375 1681 1315 1828 BCNSPRNW ULIB Ver.6.0+V

เปลี่ยนเป็นภาษาไทย

Change to English
 แสดงรายละเอียดบรรณานุกรม
  กลับหน้าหลัก

Brief Record : Get Marc (ISO 2709) : E-mail record : QR code < ปิดหน้าต่าง
LEADER : 00000nam 2200000uu 4500
001    13399120096
003     ULIB
008    120830s2544||||th 000 0 tha d
020    9742940932
020    9789742940935
060 04 ^aWC100^bว562ป
100 0  ^aวิชัย โชควิวัฒน
245 10 ^aปริทัศน์โรคติดต่อ /^cวิชัย โชควิวัฒน
250    ^aพิมพ์ครั้งที่ 1
260    ^aนนทบุรี :^bโครงการสวัสดิการ สถาบันพระบรมราชชนก,^c2544
300    ^a214 หน้า :^bภาพประกอบ ;^c26 ซม.
500    ^aโครงการสวัสดิการวิชาการ สถาบันพระบรมราชชนกกระทรวงศึกษาธิการ
650  7 ^aโรคติดต่อ
650  7 ^aโรคติดต่อ, การควบคุม
710 2  ^aสถาบันพระบรมราชชนก. ^bโครงการสวัสดิการวิชาการ
945    ^p180^l0^i19347
945    ^p180^l0^i19348
945    ^p180^l0^i19349
995    ^aทศพร
999    ^aทศพร เกษรทอง
รายการนี้ยังไม่มีแท็ก
คุณยังไม่ได้ล็อกอิน คุณสามารถมีกิจกรรมร่วมกับเว็บไซต์ได้ แต่ต้องล็อกอินก่อน ::
  ล็อกอิน

รายการสื่อสารสนเทศ

ลำดับที่ ประเภท เลขเรียก/บาร์โค้ด สถานที่ สถานะ
- ไม่พบข้อมูล -

รายการใกล้เคียง
    ผู้แต่ง [วิชัย โชควิวัฒน]

    หัวเรื่อง [โรคติดต่อ]
    หัวเรื่อง [โรคติดต่อ, การควบคุม]

BibComment


ยังไม่เคยถูกคอมเมนท์

คอมเมนท์ทรัพยากรรายการนี้
  คอมเมนท์: ปริทัศน์โรคติดต่..


 Copyright 2026. Bcnsprnw @Library